000 00633nam a22002297a 4500
003 UA-OsUOA
001 101050
007 ta
008 20130604b un ||||| |||| 00| 0 ukr d
100 _aЧехов А.
090 _a821.161.1
_bЧ-56
942 _cBK
040 _aUA-OsUOA
_brus
_cUA-OsUOA
_dUA-OsUOA
245 _aПолное собрание сочинений и писем
_b6
_cРассказы 1887
300 _a554 с.
955 _a3
041 _arus
080 _a821.161.1
260 _aМ.
_bГИХЛ
_c1946
650 7 _a82 Література. Літературознавство
_2UDC
999 _c387300
_d387300